000 00972cam a2200313 a 4500
001 13569
003 BD-RjUL
005 20211208235456.0
008 010201s2002 nyu 000 1 eng
020 _a0060197986 (acidfree paper)
035 _a(BD-RjUL)
040 _aDLC
_cDLC
_dDLC
_beng
041 _aeng
082 0 0 _a813.54
_221
_bHOW 2002
100 1 _aHoffman, William,
_d1925-
_942419
245 1 0 _aWild thorn /
_cWilliam Hoffman.
250 _a1st ed.
260 _aNew York :
_bHarperCollins,
_cc2002.
300 _a293 p. ;
_c24 cm.
650 0 _aRich people
_vFiction.
_942420
650 0 _aMountain life
_vFiction.
_942421
650 0 _aOlder women
_xCrimes against
_vFiction.
_942422
651 0 _aVirginia
_vFiction.
_942423
655 7 _aMystery fiction.
_2gsafd
_942425
856 4 2 _3Publisher description
_uhttp://www.loc.gov/catdir/description/hc043/2001058336.html
942 _2ddc
_cBK
999 _c13569
_d13569